[Event "Bad Woerishofen op 33rd"]
[Site "Bad Woerishofen"]
[Date "2017.03.11"]
[Round "2"]
[White "Stern, Geoffrey"]
[Black "Baeuml, Ulrich"]
[Result "0-1"]
[WhiteElo "1907"]
[BlackElo "2090"]
[PlyCount "40"]
[EventDate "2017.03.10"]
[EventType "swiss"]
[EventRounds "9"]
[EventCountry "GER"]
[SourceTitle "EXT 2018"]
[Source "ChessBase"]
[SourceDate "2017.10.13"]
[SourceVersion "1"]
[SourceVersionDate "2017.10.13"]
[SourceQuality "1"]

1. d4 d5 2. Nc3 Nf6 3. Bg5 Nbd7 4. e3 c5 5. dxc5 e6 6. b4 b6 7. c6 Ne5 8. b5 h6 9. Bf4 Ng6 10. Bg3 Bb4 11. Qd3 Ne4 12. Nge2 Qf6 13. 0-0-0 Bxc3 14. f3 Bb2+ 15. Kb1 Nxg3 16. hxg3 a6 17. e4 Ne5 18. Qb3 Nc4 19. c3 axb5 20. exd5 Qg6+ 0-1